Dialogo con gráficas La guía del ejecutivo para la comunicación visual

Bibliographic Details
Main Author: Zelazny, Gene
Format: Section = Libro
Language:Undetermined
Spanish
Published: México McGraw-Hill 2000
Edition:3a.ed.
Subjects:
LEADER 00581nam a2200205Ia 4500
008 240829s9999 xx 000 0 und d
020 |a 970-10-2699-3 
040 |a BIBLIOTECA-RUSB/ 006.6 Z49 
041 |a spa 
082 |a 006.6 Z49 
100 1 |a Zelazny, Gene 
245 1 0 |a Dialogo con gráficas La guía del ejecutivo para la comunicación visual 
250 |a 3a.ed. 
260 |a México  |b McGraw-Hill  |c 2000 
300 |a 198 p. :il. 
650 7 |a GRAFICOS POR COMPUTADOR - DISEÑO 
650 7 |b  COMUNICACION VISUAL - GRAFICOS 
942 |c BK  |2 ddc 
991 |a TEXTO 
999 |c 713